The great name : ancient Egyptian royal titulary /

محفوظ في:

المؤلف الرئيسي: Leprohon, Ronald J. (مؤلف)

مؤلفون آخرون: Doxey, Denise M.

التنسيق: كتاب

اللغة: English

منشور في: Atlanta, GA : Society of Biblical Literature, [2013].

سلاسل: Writings from the ancient world ; 29.

الموضوعات:

الوسوم: إضافة وسم

لا توجد وسوم, كن أول من يضع وسما على هذه التسجيلة!

رقم الطلب: DT83 .G74

LEADER 01019nam a22002897a 4500
003 OSt
005 20260210111735.0
008 260210t2013 gauab b 001 0 eng d
010 |a 2013004011 
020 |a 9781589837676 
040 |c ARCE Library 
043 |a f-ua--- 
050 1 4 |a DT83  |b .G74 
100 1 |a Leprohon, Ronald J.,  |e author 
245 1 4 |a The great name :   |b ancient Egyptian royal titulary /   |c Ronald J. Leprohon ; edited by Denise M. Doxey. 
264 1 |a Atlanta, GA :   |b Society of Biblical Literature,   |c [2013]. 
300 |a xx, 270 pages :   |b illustrations, map ;   |c 23 cm. 
490 0 |a Writings from the ancient world ;   |v 29. 
504 |a Includes bibliographical references (pages 243-260) and indexes. 
650 0 |a Titles of honor and nobility  |z Egypt  |x History  |y To 1500. 
651 0 |a Egypt  |x Kings and rulers  |x Titles. 
651 0 |a Egypt  |x History  |y To 332 B.C 
651 0 |a Egypt  |x History  |y 332-30 B.C. 
700 1 |a Doxey, Denise M.  
901 |a reviewed 
942 |c BK  |2 lcc 
999 |c 28022  |d 28022